LEADER 01093nam0 22002771i 450 001 RML0294371 005 20231121125738.0 010 $a3161487257 100 $a20121121d2006 ||||0itac50 ba 101 | $ager 102 $ade 181 1$6z01$ai $bxxxe 182 1$6z01$an 200 1 $aBehinderung und rehabilitation im sozialen rechtsstaat$efreiheit, gleichheit und teilhabe behinderter menschen$fFelix Welti 210 $aTübingen $cMohr Siebeck $dİ2006 606 $aDiritto costituzionale$2FIR$3RMLC085481$9I 676 $a342.042$9$v21 700 1$aWelti$b, Felix$3RMLV190103$0611399 801 3$aIT$bIT-01$c20121121 850 $aIT-FR0098 899 $aBiblioteca Area Giuridico Economica$bFR0098 912 $aRML0294371 950 0$aBiblioteca Area Giuridico Economica$d 53DSG RIC BALD 14398$e 53VM 0000640255 VM barcode:GIU0006254. - Inventario:14398. - Fondo:Sala consultazioneVM$fB $h20061023$i20121204 977 $a 53 996 $aBehinderung und rehabilitation im sozialen rechtsstaat$93628678 997 $aUNICAS LEADER 01317nam0 22003131i 450 001 RML0263993 005 20231121125721.0 010 $a8870755746 100 $a20121121d2001 ||||0itac50 ba 101 | $aita 102 $ait 181 1$6z01$ai $bxxxe 182 1$6z01$an 200 1 $aGuida agli esami per bibliotecari e assistenti di biblioteca$eelementi di paleografia, storia del libro, biblioteconomia e bibliografia generale$fPaola Ferro, Anna Rita Zanobi 210 $aMilano $cEditrice bibliografica $dİ2001 215 $a215 p.$d20 cm 300 $aInclude test di verifica 606 $aBiblioteconomie$xManuali per concorsi$2FIR$3RMLC380775$9I 676 $a020$9Biblioteconomia e Scienza dell'informazione$v21 700 1$aFERRO$b, Paola$3RMLV149275$08970 701 1$aZANOBI$b, Anna Rita$3RMLV149274$04885 801 3$aIT$bIT-01$c20121121 850 $aIT-FR0098 899 $aBiblioteca Area Giuridico Economica$bFR0098 912 $aRML0263993 950 0$aBiblioteca Area Giuridico Economica$d 53TER 020$e 53VM 0000342185 VM barcode:ECO013345. - Inventario:5829. - Fondo:Ufficio amm.neVM$fB $h20030714$i20121204 977 $a 53 996 $aGuida agli esami per bibliotecari e assistenti di biblioteca$9357627 997 $aUNICAS